000 00910cam a2200277 a 4500
001 000011907
005 20200929162619.0
008 840918s1985 nyuab 001 0 eng d
010 _a84017130
020 _a0070561362
035 _a(DLC) 84017130
040 _aDO-SdBNP
_bBNPHU
_cDLC
041 1 7 _aengspa
082 _a468.2421
_bS355m
100 1 _aSchmitt, Conrad J.
_928139
245 1 0 _aSpanish :
_bsaludos! /
_cConrad J. Schmitt, Protase E. Woodford, Randall G. Marshall ; editor, Teresa Chimienti.
260 _aNew York :
_bMcGraw-Hill,
_c1985.
300 _axix, 414 p. :
_bil. ;
_c25 cm.
650 4 _aEspañol
_xLibros de texto para extranjeros
_xIngles
_918613
650 4 _aEspañol
_xGramática
_93475
700 1 _aWoodford, Protase E.
_928140
700 1 _aMarshall, Randall G.
_928166
700 1 _aChimienti, Teresa ,
_eed.
_928167
910 _aCatalogación derivada
049 _aBNPHU
999 _c11577
_d11577